Merlin the magic puppy / (Record no. 2097)

MARC details
000 -LEADER
fixed length control field 01005nam a22002777a 4500
005 - DATE AND TIME OF LATEST TRANSACTION
control field 20250508145233.0
020 ## - INTERNATIONAL STANDARD BOOK NUMBER
International Standard Book Number 9781447299592
040 ## - CATALOGING SOURCE
Original cataloging agency FISKH
Language of cataloging eng
Transcribing agency FISKH
Modifying agency FISKH
082 ## - DEWEY DECIMAL CLASSIFICATION NUMBER
Classification number 514
100 ## - MAIN ENTRY--PERSONAL NAME
Personal name Dale, Jenny
245 ## - TITLE STATEMENT
Title Merlin the magic puppy /
Statement of responsibility, etc. by Jenny Dale Illustrated by Susan Hellard A Working Partners Book MACMILLAN CHILDREN'S BOOKS
250 ## - EDITION STATEMENT
Edition statement This edition published 2015 by Macmillan Children's Books
260 ## - PUBLICATION, DISTRIBUTION, ETC.
Place of publication, distribution, etc. London :
Name of publisher, distributor, etc. Macmillan Children's Books,
Date of publication, distribution, etc. 2000
300 ## - PHYSICAL DESCRIPTION
Extent 60 pages :
Dimensions 19 cm
505 ## - FORMATTED CONTENTS NOTE
Formatted contents note M
520 ## - SUMMARY, ETC.
Summary, etc. Merlin is very cross. Steven his owner is too busy practising magic tricks to take much notice of his lonely puppy. Merlin is going to try everything he can think of to get some attention and that might include magic.
521 ## - TARGET AUDIENCE NOTE
Target audience note 600
Source Lexile estimate
521 ## - TARGET AUDIENCE NOTE
Target audience note M
Source Raz-Plus
650 ## - SUBJECT ADDED ENTRY--TOPICAL TERM
Topical term or geographic name entry element Dog
650 ## - SUBJECT ADDED ENTRY--TOPICAL TERM
Topical term or geographic name entry element Magic
650 ## - SUBJECT ADDED ENTRY--TOPICAL TERM
Topical term or geographic name entry element Puppy
650 ## - SUBJECT ADDED ENTRY--TOPICAL TERM
Topical term or geographic name entry element Magic trick
700 ## - ADDED ENTRY--PERSONAL NAME
Personal name Hillard, Susan
Relator term Illustrator
942 ## - ADDED ENTRY ELEMENTS (KOHA)
Source of classification or shelving scheme Dewey Decimal Classification
Koha item type Books
Suppress in OPAC No
999 ## -
-- 2097
-- 2097
Holdings
Withdrawn status Lost status Source of classification or shelving scheme Damaged status Not for loan Collection Home library Current library Shelving location Date acquired Total Checkouts Full call number Barcode Date last seen Price effective from Koha item type Copy number
    Dewey Decimal Classification     Juvenile Fiction Footprints International School Library Network Toul Kork Campus Footprints International School Library Network Toul Kork Campus TK Primary Library Room(4th Floor), Bookcase 3&4, Shelves 17-32, Yellow Books 11/06/2023   DAL 514 FISTKG3A041 11/06/2023 11/06/2023 Books  
    Dewey Decimal Classification     Juvenile Fiction Footprints International School Library Network Toul Tom Poung Campus Footprints International School Library Network Toul Tom Poung Campus TTP Primary Yellow Bookshelves 05/08/2025   DAL 514 2025-1228 05/08/2025 05/08/2025 Books 2